Responses for Show #8567 - Tuesday, February 1, 2022

Contestants

[<< previous game]

Scott Plummer, a software developer from Golden, Colorado

Zoha Khalili, a movement lawyer from Anaheim, California

Jay Foster, an engineer from Rancho Palos Verdes, California (whose 2-day cash winnings total $25,599)

[next game >>]

Jeopardy! Round responses

ONE WOMAN
"TOO" WORDS
3 STARS OF THE FILM
4-LETTER GEOGRAPHY
5 RANDOM THINGS
6 FLAGS
    $200 27
(Scott: What is... Limoges?)

china

Scott
Triple Stumper
    $200 26
stoop

Jay
    $200 17
The Incredibles

Scott
    $200 5
Erie

Jay
    $200 19
911

Zoha
    $200 6
the Olympic flag

Jay
    $400 28
Lewis & Clark

Zoha
    $400 25
a toothache

Scott
    $400 16
the Green Book

Scott
    $400 4
Bonn

Jay
    $400 20
a ginkgo

Scott
    $400 7
pico de gallo

Scott
    $600 21
a debtors' prison

Scott
    $600 22
a tattoo

Jay
    $600 14
(Mayim: Quite a tearjerker.)

Steel Magnolias

Triple Stumper
    $600 3
Chad

Zoha
    $600 11
Apollo 15

Scott
    $600 8
semaphore

Jay
    $800 29
the Washington Monument

Scott
    $800 24
pontoons

Jay
    $800 15
(Scott: What is Crazy Rich Asians?)

Shang-Chi and the Legend of the Ten Rings

Scott
Triple Stumper
    $1,000 1
Oslo

Jay
    $800 12
Leviticus

Jay
    $800 9
a pennant

Jay
    $1000 30
(Mayim: Did you figure out who our woman was? Dolley Madison.)

the telegraph

Jay
    $1000 23
festoons

Triple Stumper
    $1000 18
Bull Durham

Jay
    $1000 2
Como

Zoha
    $1000 13
U Thant

Scott
    $1000 10
(Zoha: Who is Rothko?)

Jasper Johns

Zoha
Triple Stumper

Scores at the first commercial break (after clue 15):

Jay Zoha Scott
$4,000 $600 $1,200

Scores at the end of the Jeopardy! Round:

Jay Zoha Scott
$7,600 $1,200 $3,800

Double Jeopardy! Round responses

LITTLE THINGS IN A BIG WORLD
CONDUCTORS
READ IT OR EAT IT?
(Mayim: There will be food in each response.)
INTERNATIONAL GET-TOGETHERS
MORE THAN ONE MEANING
KILLER TV SHOWS
    $400 10
gills

Jay
    $400 11
(Jay: Who is "Burn-steen"?)
(Mayim: Yes, Leonard "Burn-styne".)

(Leonard) Bernstein

Jay
    $400 1
The Grapes of Wrath

Scott
    $400 15
Amsterdam

Scott
    $400 21
litter

Jay
    $400 26
Paradise

Zoha
    $800 9
(Scott: What is a bumblebee?)

the bee hummingbird

Scott
Triple Stumper
    $800 12
The Ring Cycle

Scott
    $800 2
(Mayim: Come on guys, [*].)
[Laughter]

Cloudy with a Chance of Meatballs

Triple Stumper
    $800 16
start-ups

Zoha
    $800 22
relish

Scott
    $800 27
NCIS

Zoha
    $1200 6
a photon

Jay
    $4,000 13
(Andrew) Carnegie

Scott
    $1200 3
A Clockwork Orange

Jay
    $1200 17
South by Southwest

Zoha
    $1200 20
host

Jay
    $1200 28
(Jay: What is The Badge?)

The Shield

Jay
Triple Stumper
    $1600 7
(Mayim: Yes, there's [*] among us, my father used to say.)
[Laughter]

a fungus

Scott
    $1600 14
Covent Garden

Jay
    $1600 4
[NOTE: Scott did not include the leading article in his correct response.]

A Raisin in the Sun

Scott
    $1600 18
5G

Scott
    $5,200 24
drift

Zoha
    $1600 29
(Scott: What is Somerset?)

the Midsomer Murders

Scott
Triple Stumper
    $2000 8
flagella

Scott
    $2000 23
Buffalo

Zoha
    $2000 5
The Guernsey Literary and Potato Peel Pie Society

Triple Stumper
    $2000 19
the Consumer Electronics Show (CES)

Triple Stumper
    $2000 25
peer

Zoha
    $2000 30
(Mayim: That is correct and that puts you in the lead.)
[Applause and Zoha pumps arms]

Monk

Zoha

Scores at the end of the Double Jeopardy! Round:

Jay Zoha Scott
$12,800 $15,600 $14,600

[wagering suggestions for these scores]

Final Jeopardy! Round responses

HISTORIC GEOGRAPHY
JayWhat is Avignon?
$12,800
ScottWhat is Avignon?
$14,200
ZohaWhat is Orleans?
$13,601
Avignon

Final scores:

Jay Zoha Scott
$25,600 $1,999 $28,800
2nd place: $2,000 3rd place: $1,000 New champion: $28,800

Game dynamics:

Coryat scores:

Jay Zoha Scott
$12,600 $12,000 $11,800
19 R
(including 1 DD),
1 W
12 R
(including 1 DD),
1 W
18 R
(including 1 DD),
4 W

Combined Coryat: $36,400

[game clues] [game scores] [suggest correction]

Game tape date: 2021-11-29
The J! Archive is created by fans, for fans. Scraping, republication, monetization, and malicious use prohibited; this site may use cookies and collect identifying information. See terms. The Jeopardy! game show and all elements thereof, including but not limited to copyright and trademark thereto, are the property of Jeopardy Productions, Inc. and are protected under law. This website is not affiliated with, sponsored by, or operated by Jeopardy Productions, Inc. Join the discussion at JBoard.tv.